000 01679nam1a2200289 i 4500
001 RU\NLR\BIBL_A\012151460
005 20260407072438.0
010 _a9785927528332
035 _a(NLR Aleph) 012151460
090 _a12151216
_c12151216
100 _a20191203d2018 k y0rusy50 ca
101 0 _arus
102 _aRU
105 _a z 1
200 1 _aСуперкомпьютерные технологии
_eСКТ-2018
_fМинистерство науки и высшего образования Российской Федерации, Российская академия наук [и др.]
_eматериалы 5-й Всероссийской научно-технической конференции, 17-22 сентября 2018 г., Дивноморское, Геленджик
_e[в 2 т.]
210 _aРостов-на-Дону
_cТаганрог
_cИзд-во Южного федерального университета
_d2018
215 _d20
320 _aБиблиогр. в конце ст.
606 _aСуперкомпьютеры
_jСъезды, совещания и т.п
_91322657
_3RU\NLR\AUTH\66233933
686 1 _aЗ973.202я431(2)
711 1 2 _a"Суперкомпьютерные технологии", всероссийская научно-техническая конференция
_d5
_eс. Дивноморское, Геленджик
_f2018
_9686774
_3RU\NLR\AUTH\880513122
712 0 2 _4570
_aРоссийская академия наук
_9272489
_3RU\NLR\AUTH\881057
852 _aNLR
_j2019-3\29756
942 _cBOOK